000 00556nam a2200217Ia 4500
003 OSt
005 20230612155729.0
008 210423s2018 xx 000 0 und d
020 _a978-93-86633-91-0
040 _cAL
041 _aeng
082 _a547.05
_223
_bKUMO
100 _aKUMAR (Indrajit)
_980782
245 _aOrganometallic compounds
260 _aMeerut
_bPragati Prakashan
_c2018
300 _aviii,208,iv
_bPB
365 _b185
_cINR
650 _aOrganic Chemistry
_980783
906 _acompounds ; Organometallic
942 _2ddc
_cBK
999 _c168891
_d168891